00502cam a2200157 a 4500020003100000020002800031040000800059082002600067245006600093260006700159300002800226650001900254650002400273700002500297700002200322 a9780838641835 (alk. paper) a0838641830 (alk. paper) cDLC00a327 FDU 2008 C152 Or.00aBeyond settlement :bmaking peace last after civil conflict / aMadison [N.J.] :bFairleigh Dickinson University Press,cc2008 a413 p. :bill. ;c25 cm 0aPeace-building 0aConflict management1 aShields, Vanessa E.,1 aBaldwin, Nicholas